02052nam a2200301 i 4500003001000000005001700010007000300027008004100030020001800071020001800089040003500107041000800142043001200150084001200162100003100174245004200205250002200247264004600269300004700315336002900362337003300391338002800424505008400452520107200536650005101608650005401659650003701713CO-BoRNBP20250331111327.0ta231011s2022 ck a|||br6||| 00| 1 spa d a9789585338692 a9786289549799 aCO-BoRNBPbspaerdacCO-BoRNBP0 aspa as-ck--- aNG PLU11 aPluk, Jim,d1984- ,eautor10aCanosa y el gran vecindariocJim Pluk aPrimera edición 1aBogotá, ColombiabCataplum librosc2022 a63 páginasbilustraciones a colorc22 cm atextobtxt2rdacontenido asin mediaciónbn2rdamedio avolumenbnc2rdasoporte0 aLa llegada. -- La bienvenida. -- la vecindad. -- Vamos de paseo. -- El regreso.3 aCanosa es una niña inquieta, inteligente, curiosa y, a veces, algo imprudente. Este personaje, creado por Jim Pluk, hace parte de este divertidísimo cómic Canosa y el gran vecindario. Una historia contada en viñetas donde nuestra ingeniosa protagonista, y su perra Lula, tendrán un encuentro con habitantes del “gran vecindario”: una noche como cualquier otra, en la casa de campo de Canosa, aterriza una nave espacial con dos extraterrestres que, una vez superado el susto inicial del primer encuentro, se convertirán en amigos entrañables de la niña y de Lula. Y como suele ocurrir con los buenos amigos, unos y otros compartirán cómo viven, cómo son y qué particularidades tiene cada cultura. Su título Canosa y el gran vecindario hace alusión al universo como “gran vecindario” y como en todo buen vecindario, convivimos, nos relacionamos y dependemos los unos de los otros. Este cómic está lleno de humor, de descubrimientos, de sucesos inesperados, donde se evidencia la magistral manera de narrar en viñetas del autor.17aNovela gráfica colombianaySiglo XXI2ARMARC17aLiteratura infantil colombianaySiglo XXI2ARMARC17aIndígenas del Amazonas2ARMARC